Normal view
MARC view
- البنوك التجارية-راس المال-الاسهم-الاردن.
Entry Topical Term
001 - CONTROL NUMBER
- control field: 64935
003 - CONTROL NUMBER IDENTIFIER
- control field: JO-AjAnu
005 - DATE AND TIME OF LATEST TRANSACTION
- control field: 20231211112605.0
008 - FIXED-LENGTH DATA ELEMENTS
- fixed length control field: 231211|| aca||babn | a|a d
040 ## - CATALOGING SOURCE
- Original cataloging agency: JO-AjAnu
150 ## - HEADING--TOPICAL TERM
- Linkage: البنوك التجارية-راس المال-الاسهم-الاردن.
- Topical term or geographic name entry element: البنوك التجارية-راس المال-الاسهم-الاردن.